| 000 | 00615nam a2200205Ia 4500 | ||
|---|---|---|---|
| 003 | GCL | ||
| 008 | 140319s9999 xx 000 0 ara d | ||
| 040 |
_aGCL / _cGCL |
||
| 082 | 0 | 4 |
_a938.01 _bع م |
| 100 | 1 | _aعاصم احمد حسين | |
| 245 | 1 | 0 |
_aالمدخل الىتاريخ وحضارة العراق / _cعاصم احمد حسين |
| 260 |
_a[S.N] : _bمكتبة نهضة الشرق ، _c1991 |
||
| 300 | _a330 ص | ||
| 490 | _a | ||
| 650 | 0 | 4 | _aتاريخ |
| 650 | 0 | 4 | _aاليونان |
| 650 | 0 | 4 | _aالحضارة الاغريقية |
| 650 | 0 | 4 | _aالاثار اليونانية |
| 942 |
_2ddc _cBK |
||
| 999 |
_c35308 _d35308 |
||